000 01001nam a2200289 i 4500
001 000000251916
003 IT-MiSPE
005 20200828153119.0
008 030926s1975 xx 000 b ger c
020 _a9788826301846
_c17.50 EUR
040 _aIT-MiSPE
_bita
_cIT-MiSPE
041 _aita
082 _a301.9-SCH he st (axa 23252)
100 1 _aSchoeck, Helmut.
_d1922-1993
_esociologo
_958358
240 _aGeschichte der Soziologie / Ursprung und Aufstieg der Wissenschaft von der menschlichen Gesellschaft
_lger
245 1 0 _aStoria della sociologia :
_cHelmut Schoeck.
260 _aRoma ;
_bBorla,
_c[1980]
300 _a378 p. ;
_c21 cm
490 1 _aGuide storiche ;
546 _aEdizione italiana a cura di Adriana Signorelli
655 0 7 _aEconomia. Storia economico-sociale
_xSaggi, varia.
_2local
_958359
942 _2ddc
_cBK
983 0 _aHerder-Bücherei.
990 1 0 _a98301a
_b83001av
999 _c358833
_d358833